| 000 | 00504nam a2200181Ia 4500 | ||
|---|---|---|---|
| 001 | 10982 | ||
| 005 | 20260306161912.0 | ||
| 008 | 260306t1994||||xx |||||||||||||| ||spa|| | ||
| 041 | _aESP | ||
| 082 |
_a985 _bD11 |
||
| 100 |
_aD´Achille, Barbara _eAUT |
||
| 245 | 0 |
_aKuntursuyo. Perú: _bParques nacionales y otras áreas de conservación ecólógica: el territorio del cóndor |
|
| 260 | _c1994 | ||
| 300 |
_a354 páginas : _c28 cm. |
||
| 650 | _aGEN | ||
| 654 | _aCHU | ||
| 942 |
_cLIB _dJUS _fJUS _2ddc _n |
||
| 999 |
_c10982 _d10982 |
||